000
00233nam a22001097a 4500
999
_c
168523
_d
168523
082
_a
_b
100
_a
Harshanarayan
245
_a
Yasha Kalidas/
_c
by Harshanarayan.
260
_a
Mathura:
_b
Jawahar,
_c
650
_a
942
_c
BK